Tribhuvan University Central Library

Modern food microbiology (Record no. 22017)

MARC details
000 -LEADER
fixed length control field 006060000a22002650004500
082 ## - DEWEY DECIMAL CLASSIFICATION NUMBER
Classification number 576
Item number J331m
-- T
020 ## - INTERNATIONAL STANDARD BOOK NUMBER
International Standard Book Number 81-239-0475-4
041 ## - LANGUAGE CODE
Language code of text/sound track or separate title Eng
100 ## - MAIN ENTRY--PERSONAL NAME
Personal name Jay, James M.
245 ## - TITLE STATEMENT
Title Modern food microbiology
250 ## - EDITION STATEMENT
Edition statement 4th edn.
260 ## - PUBLICATION, DISTRIBUTION, ETC. (IMPRINT)
Place of publication, distribution, etc New Delhi
Name of publisher, distributor, etc CBS Pub., India
260 ## - PUBLICATION, DISTRIBUTION, ETC. (IMPRINT)
Date of publication, distribution, etc 1996
300 ## - PHYSICAL DESCRIPTION
Extent 701p.
518 ## - DATE/TIME AND PLACE OF AN EVENT NOTE
Date/time and place of an event note 20000828
530 ## - ADDITIONAL PHYSICAL FORM AVAILABLE NOTE
Additional physical form available note M
500 ## - GENERAL NOTE
General note Includes bioliography
650 ## - SUBJECT ADDED ENTRY--TOPICAL TERM
Topical term or geographic name as entry element Microbiology
650 ## - SUBJECT ADDED ENTRY--TOPICAL TERM
Topical term or geographic name as entry element Food technology
650 ## - SUBJECT ADDED ENTRY--TOPICAL TERM
Topical term or geographic name as entry element Food hygiene
650 ## - SUBJECT ADDED ENTRY--TOPICAL TERM
Topical term or geographic name as entry element Fruits vegetables
650 ## - SUBJECT ADDED ENTRY--TOPICAL TERM
Topical term or geographic name as entry element Food analysis
650 ## - SUBJECT ADDED ENTRY--TOPICAL TERM
Topical term or geographic name as entry element Food microbiology
942 ## - ADDED ENTRY ELEMENTS (KOHA)
Koha item type General Collections
Holdings
Withdrawn status Lost status Damaged status Not for loan Home library Current library Date acquired Total Checkouts Barcode Date last seen Price effective from Source of classification or shelving scheme Full call number Koha item type Shelving location Date checked out
        Tribhuvan University Central Library Tribhuvan University Central Library 06/20/2010   G51419 06/20/2010 06/20/2010          
        Tribhuvan University Central Library Tribhuvan University Central Library 06/20/2010   G51420 06/20/2010 06/20/2010          
        Tribhuvan University Central Library Tribhuvan University Central Library 06/03/2014   G52589 06/03/2014 06/03/2014 Dewey Decimal Classification 576 J331m General Collections    
        Tribhuvan University Central Library Tribhuvan University Central Library 06/03/2014 2 G69853 02/26/2017 06/03/2014 Dewey Decimal Classification 576 J331m General Collections New Building 01/31/2017
        Tribhuvan University Central Library Tribhuvan University Central Library 04/18/2016 1 52541 06/21/2016 04/18/2016 Dewey Decimal Classification 576 J331m General Collections   04/18/2016